Archivos moriscos : (Registro nro. 242990)

Detalles MARC
000 -LEADER
fixed length control field 02574nam a2200469Ii 4500
001 - CONTROL NUMBER
control field DIGPUVAL0330
003 - CONTROL NUMBER IDENTIFIER
control field NyNyDIG
008 - FIXED-LENGTH DATA ELEMENTS--GENERAL INFORMATION
fixed length control field 150901t20092009sp ob 001 0 spa d
006 - FIXED-LENGTH DATA ELEMENTS--ADDITIONAL MATERIAL CHARACTERISTICS
fixed length control field m o d
007 - PHYSICAL DESCRIPTION FIXED FIELD--GENERAL INFORMATION
fixed length control field cr |||||||||||
020 ## - INTERNATIONAL STANDARD BOOK NUMBER
International Standard Book Number 9788437083315
Qualifying information (eBook)
020 ## - INTERNATIONAL STANDARD BOOK NUMBER
Canceled/invalid ISBN 8437073847
020 ## - INTERNATIONAL STANDARD BOOK NUMBER
Canceled/invalid ISBN 9788437073842
035 ## - SYSTEM CONTROL NUMBER
System control number (OCoLC)991980381
040 ## - CATALOGING SOURCE
Original cataloging agency DGITA
Language of cataloging eng
Description conventions rda
-- pn
Transcribing agency DGITA
041 0# - LANGUAGE CODE
Language code of text/sound track or separate title spa
-- ara
043 ## - GEOGRAPHIC AREA CODE
Geographic area code e-po---
-- e-sp---
-- ma-----
050 14 - LIBRARY OF CONGRESS CALL NUMBER
Classification number DP100 eBook
100 1# - MAIN ENTRY--PERSONAL NAME
Personal name Barceló, Carmen,
Relator term author.
245 10 - TITLE STATEMENT
Title Archivos moriscos :
Remainder of title textos árabes de la minoría islámica valenciana, 1401-1608 /
Statement of responsibility, etc. Carmen Barceló y Ana Labarta.
250 ## - EDITION STATEMENT
Edition statement Edición digital.
264 #1 - PRODUCTION, PUBLICATION, DISTRIBUTION, MANUFACTURE, AND COPYRIGHT NOTICE
Place of production, publication, distribution, manufacture València :
Name of producer, publisher, distributor, manufacturer Publicacions de la Universitat de València,
Date of production, publication, distribution, manufacture, or copyright notice 2009.
264 #4 - PRODUCTION, PUBLICATION, DISTRIBUTION, MANUFACTURE, AND COPYRIGHT NOTICE
Date of production, publication, distribution, manufacture, or copyright notice ©2009
300 ## - PHYSICAL DESCRIPTION
Extent 1 online resource (379 pages)
336 ## - CONTENT TYPE
Content type term text
Content type code txt
Source rdacontent
337 ## - MEDIA TYPE
Media type term computer
Media type code c
Source rdamedia
338 ## - CARRIER TYPE
Carrier type term online resource
Carrier type code cr
Source rdacarrier
500 ## - GENERAL NOTE
General note Documents, published for the first time.
504 ## - BIBLIOGRAPHY, ETC. NOTE
Bibliography, etc. note Includes bibliographical references (pages 127-134) and indexes.
505 0# - FORMATTED CONTENTS NOTE
Formatted contents note Introducción -- La minoría islámica valenciana -- Comunidad, aljamas y Monarquía -- Iglesia y cristianos nuevos -- Compartiendo el Islam -- Una vecindad incómoda -- Administración de la Aljama -- Actividad económica y hacienda privada -- La cultura religiosa -- El arte de escribir -- El remedio de la Ciencia -- Vida en familia -- Recorridos familiares -- La colección documental -- Abreviaturas -- Siglas -- Bibliografía citada -- Símbolos usados en la edición árabe y en la traducción -- Símbolos utilizados en la traducción -- Archivos moriscos -- Del siglo XV a las Germanias (1401-1519) -- "Nuevos convertidos de moros..."(1520-1580) -- Entre el bautismo y el destierro (siglo XVI hasta 1608) -- La última etapa (1581-1608).
546 ## - LANGUAGE NOTE
Language note In Spanish and Arabic.
588 0# - SOURCE OF DESCRIPTION NOTE
Source of description note Online resource; title from PDF title page (Digitalia, viewed September 8, 2015)
650 #0 - SUBJECT ADDED ENTRY--TOPICAL TERM
Topical term or geographic name entry element Moriscos
Geographic subdivision Spain
-- Valencia (Region)
General subdivision History
Form subdivision Sources.
655 #0 - INDEX TERM--GENRE/FORM
Genre/form data or focus term Electronic books.
700 1# - ADDED ENTRY--PERSONAL NAME
Personal name Labarta, Ana,
Relator term author.
791 2# -
-- Digitalia (Firm),
-- distributor.
793 0# -
-- Digitalia eBook Collection:
-- Universitat de València.
776 08 - ADDITIONAL PHYSICAL FORM ENTRY
Relationship information Print version:
Main entry heading Barceló, Carmen.
Title Archivos moriscos.
Place, publisher, and date of publication València : Publicacions de la Universitat de València, 2009.
International Standard Book Number 9788437073842
Record control number (OCoLC)456668112
856 40 - ELECTRONIC LOCATION AND ACCESS
Materials specified Digitalia Hispánica
Uniform Resource Identifier <a href="https://www.digitaliapublishing.com/a/35324/">https://www.digitaliapublishing.com/a/35324/</a>
910 ## - USER-OPTION DATA (OCLC)
User-option data Premium Collection: 2015
942 ## - ADDED ENTRY ELEMENTS (KOHA)
Koha item type Recurso Electrónico
Existencias
Withdrawn status Lost status Damaged status Not for loan Collection Home library Current library Date acquired Total checkouts Date last seen Price effective from Koha item type
        Digitalia Ebooks Hispanica Biblioteca Digital UIN Biblioteca Digital UIN 04/25/2025   04/25/2025 04/25/2025 Recurso Electrónico

CONTACTO


NOSOTROS


SITIOS DE INTERES

coordinacion.biblioteca.biblioteca@unienlinea.mx Misión, Visión y Objetivos Bases de datos
Directorio Bibliotecas Digitales y Repositorios
Normatividad Revistas y artículos
Convenios interbibliotecarios
Boletines



Hecho en México. Universidad Insurgentes (UIN). Todos los derechos reservados 2024. Esta página y sus contenidos pueden ser reproducidos con fines no lucrativos, siempre y cuando no se mutile, se cite la fuente completa y su dirección electrónicas. De otra forma requiere permiso previo por escrito de la institución




2024 Copyright Universidad Insurgentes | www.bibliouin.com.mx